000 00422nam a2200157Ia 4500
008 100122s9999 xx 000 0 und d
082 _b76323
_aBM823.08
100 _aबारटक्के सुहास
245 _aसाद मयुराची
250 _a1
260 _c2007
300 _a80
630 _aसाद मयुराची
730 _aसाद मयुराची
942 _cBOOK
999 _c392834
_d392831